| 000 | 00511nam a2200169 i 4500 | ||
|---|---|---|---|
| 001 | 22306 | ||
| 003 | ES-MaACL | ||
| 005 | 20230906152654.0 | ||
| 007 | t| | ||
| 008 | 021202s1970 sp ||||1| spa d | ||
| 100 | 1 |
_aAldana Fernández, Salvador. _919607 |
|
| 245 | 1 | 0 |
_aGuía abreviada de artistas valencianos... / _cSalvador Aldana Fernández. |
| 260 |
_aValencia : _bAyuntamiento, _c1970. |
||
| 300 |
_a382 p. ; _c24 cm. |
||
| 710 | 1 |
_aValencia. _bAyuntamiento. _97531 |
|
| 852 |
_aES-MaACL _jC-41315 _bR.74796 |
||
| 999 |
_c22306 _d22306 |
||